00369nam a2200109Ia 4500008004100000082000800041100001700049245007200066942000600138952010000144999001500244240331s9999 xx 000 0 und d bDIR aBeijing . ed 0aDirectory of national focal points for the UN 4th World Conference  cL 001040708LaWERCLbWERCLcSSCd2024-03-31l0o 060.3054 DIRp3325r2024-03-31w2024-03-31yL c4399d4399